Countries with 100% literacy rate - Statistics

General Stats
  • This quiz has been taken 47 times
  • The average score is 13 of 26
Answer Stats
Country % Correct
Norway
76%
Finland
74%
Andorra
71%
Luxembourg
71%
North Korea
71%
Liechtenstein
68%
Vatican City
66%
Russia
61%
Ukraine
58%
Estonia
53%
Latvia
53%
Lithuania
53%
Belarus
47%
Azerbaijan
45%
Poland
45%
Armenia
42%
Cuba
42%
Kazakhstan
42%
Georgia
39%
Turkmenistan
39%
Uzbekistan
39%
Tajikistan
37%
Slovakia
32%
Slovenia
29%
Palau
13%
Barbados
11%
No matching quizzes found
Score Distribution
Percent of People with Each Score
Percentile by Number Answered
Your Score History
You have not taken this quiz